000 00333nam a2200133Ia 4500
008 151001s9999||||xx |||||||||||||| ||und||
100 _aसी पु वालावलकर
245 _aवस्तीकडे
250 _a1
260 _bउद्यदीप
260 _c1981
300 _a128
365 _b18
999 _c969438
_d969435